| 000 | 00597nam a2200193 a 4500 | ||
|---|---|---|---|
| 005 | 20140310183137.0 | ||
| 008 | 020820s19uu xx 00 eng d | ||
| 020 | _a0471310247 | ||
| 020 | _a0471310255 | ||
| 050 |
_aHF 5549.5.I6 _b.In61 1994 |
||
| 245 |
_aInterviewing : _beffective techniques to help answer tough questions and make a great impression / |
||
| 260 |
_aU.S.A : _bNationala Business Employment Weekly, _c1994. |
||
| 300 |
_a202 p. : _bill. ; _c22 cm. |
||
| 521 | _aBSBA | ||
| 650 | _aEmployment interviewing | ||
| 650 | _aJob hunting | ||
| 942 |
_cBK _2lcc _kFOR |
||
| 999 |
_c19304 _d19304 |
||